000 00305nam a22001337a 4500
008 210310b ||||| |||| 00| 0 eng d
041 _aeng
080 _a159.9
082 _a159.9
100 _a49
101 _aPSI
245 _aDrunken Comportment A social Explanation
_cMacandrew,C
942 _2udc
_cBK
999 _c56124
_d56124